000 00721nam a22002417a 4500
005 20170124110056.0
010 _aA-382025
020 _c00.00
_a8171580963
035 _aA-382025
037 _bCen Lib/Ret
040 _aDPL
_bEN
082 _a657.42
_bSAI
100 _aSaini, B.R.
_926541
245 _aCost accounting analysis and control /
_cby B.R. Saini
260 _aDelhi
_bAkashdeep Publishing House
_c1989
270 _bDelhi
_a1-7A,New Govind Pura Near Chander Nagar
_e110051
300 _a264p.
_c20cm(Hb)
500 _aIncludes bibliographical reference
650 _aAccounting
_910075
650 _aCost accounting
_926542
700 _917758
942 _2ddc
_cEN
_h657.42
_mSAI
999 _c129497
_d129497